LEADER 01978nam a2200277 i 4500 001 000000029331 003 CaOOAMICUS 005 20230124115335.0 008 180830s1964 it u000 u ita u 040 $aSeMil$bita 100 1 $aBernardino : da Feltre,$d<1439-1494>.$0(OLS)http://semarc/name/11940 245 10$aSermoni del beato Bernardino Tomitano da Feltre :$bnella redazione di fra Bernardino Bulgarino da Brescia /$ca cura di Carlo Varischi da Milano ; presentazione di Giordano Dell'Amore ; prefazione di Gino Barbieri. 264 1$aMilano :$bCassa di Risparmio delle Provincie Lombarde e Banca del Monte,$c1964. 300 $a3 v. ;$c26 cm 500 $aIn cofanetto 650 4$aPredicazione - Sec. 15. - Testi.$0(OLS)http://semarc/subject/2058 700 1 $aBulgarino, Bernardino.$0(OLS)http://semarc/name/11939 700 1 $aVarischi, Carlo,$d<1903-1990>.$0(OLS)http://semarc/name/11941 700 1 $aDell'Amore, Giordano.$0(OLS)http://semarc/name/13384 700 1 $aBarbieri, Gino,$d<1913-1989>.$0(OLS)http://semarc/name/13385 774 0 $aBernardino : da Feltre <1439-1494>$t1: [I sermoni del quaresimale di Pavia del 1493].$dMilano : Cassa di Risparmio delle Provincie Lombarde e Banca del Monte, 1964.$w()66449 774 0 $aBernardino : da Feltre <1439-1494>$t2: Segue il quaresimale di Pavia del 1493 e altri sermoni tenuti in diversi luoghi dal 1493 al 1494.$dMilano : Cassa di Risparmio delle Provincie Lombarde e Banca del Monte, 1964.$w()66450 774 0 $aBernardino : da Feltre <1439-1494>$t3: I sermoni dell'Avvento di Brescia del 1493.$dMilano : Cassa di Risparmio delle Provincie Lombarde e Banca del Monte, 1964.$w()66451 996 $6245$aSermoni del beato Bernardino Tomitano da Feltre :$bnella redazione di fra Bernardino Bulgarino da Brescia$9(OLS)http://semarc/title/39843 996 $6264$aMilano :$bCassa di Risparmio delle Provincie Lombarde e Banca del Monte$9(OLS)http://semarc/publisher/60823 LEADER 01118nam a2200241 i 4500 001 000000032482 003 CaOOAMICUS 005 20240814115244.0 008 180830s1989 ne u000 u und u 040 $aSeMil$bita 240 10$aBibbia. Nuovo Testamento. Apocrifi. Atti di Andrea.$0(OLS)http://semarc/title/449836 245 10$aActa Andreae /$ccura Jean-Marc Prieur. 260 $aTurnhout :$bBrepols,$c1989. 300 $a2 v. ;$c26 cm. 500 $aTesti anche in latino e siriaco. 650 4$aBibbia - Apocrifi NT - Atti di Andrea.$0(OLS)http://semarc/subject/5212 700 1 $aPrieur, Jean-Marc,$d<1947-2012>.$0(OLS)http://semarc/name/15003 774 0 $t1: Praefatio ; Commentarius.$kCorpus Christianorum. Series Apocryphorum$z2-503-41052-9$g1$w()35004 774 0 $t2: Textus.$kCorpus Christianorum. Series Apocryphorum$z2-503-41062-6$g2$w()35191 830 0$aCorpus Christianorum. Series Apocryphorum.$0(OLS)http://semarc/title/126 996 $6245$aActa Andreae$9(OLS)http://semarc/title/44040 996 $6260$aTurnhout :$bBrepols$9(OLS)http://semarc/publisher/29626